Statistics for Fifa 22 Top 100 Premier League Players

Click here to take the quiz!

General Stats

  • This quiz has been taken 1,687 times
  • The average score is 69 of 100

Answer Stats

RatingClubNationPlayer% Correct
91Manchester UnitedPortugalCristiano Ronaldo
99%
90Tottenham HotspurEnglandHarry Kane
99%
91Manchester CityBelgiumKevin De Bruyne
99%
89Tottenham HotspurSouth KoreaHeung-Min Son
98%
89LiverpoolEgyptMohamed Salah
98%
89LiverpoolSenegalSadio Mane
98%
90ChelseaFranceN'Golo Kante
96%
89LiverpoolNetherlandsVirgil Van Dijk
96%
89LiverpoolBrazilAlisson
95%
89Manchester CityBrazilEderson
95%
87LiverpoolScotlandAndrew Robertson
93%
88Manchester UnitedPortugalBruno Fernandes
93%
86Manchester CityPortugalBernardo Silva
92%
86Leicester CityEnglandJamie Vardy
92%
87Tottenham HotspurFranceHugo Lloris
91%
87Manchester CityPortugalRuben Dias
91%
87LiverpoolEnglandTrent Alexander-Arnold
91%
86Manchester CityAlgeriaRiyad Mahrez
90%
88ChelseaBelgiumRomelu Lukaku
90%
85ChelseaBrazilThiago Silva
90%
87Manchester UnitedFrancePaul Pogba
88%
88Manchester CityEnglandRaheem Sterling
88%
86Manchester CityPortugalJoao Cancelo
85%
84Manchester CityEnglandPhil Foden
85%
86LiverpoolSpainThiago Alcantara
85%
86LiverpoolBrazilFabinho
84%
84ChelseaGermanyKai Havertz
84%
85Manchester UnitedEnglandMarcus Rashford
84%
85LiverpoolBrazilRoberto Firmino
84%
84Manchester UnitedEnglandHarry Maguire
83%
85ChelseaItalyJorginho
83%
85ArsenalGabonPierre-Emerick Aubameyang
83%
86Manchester CitySpainRodri
83%
85Manchester CityGermanyIlkay Gundogan
82%
85Manchester CityEnglandKyle Walker
82%
86Manchester UnitedFranceRaphael Varane
82%
85Manchester UnitedUruguayEdinson Cavani
81%
87Manchester UnitedEnglandJadon Sancho
79%
83Manchester CityEnglandJohn Stones
79%
84LiverpoolEnglandJordan Henderson
79%
84ChelseaGermanyTimo Werner
79%
83ChelseaSenegalEdouard Mendy
78%
84ChelseaMoroccoHakim Ziyech
78%
84Manchester UnitedSpainDavid De Gea
77%
85Leicester CityDenmarkKasper Schmeichel
77%
86Manchester CitySpainAymeric Laporte
76%
84Manchester UnitedEnglandLuke Shaw
75%
84Aston VillaArgentinaEmiliano Martinez
74%
83ChelseaCroatiaMateo Kovacic
74%
85Leicester CityNigeriaWilfred Ndidi
74%
82ChelseaUnited StatesChristian Pulisic
73%
83Manchester CityBrazilGabriel Jesus
72%
84Manchester CityEnglandJack Grealish
72%
83ArsenalGhanaThomas Partey
72%
83ChelseaEnglandMason Mount
71%
83LiverpoolCameroonJoel Matip
70%
84Leicester CityBelgiumYouri Tielemans
70%
83ChelseaGermanyAntonio Rudiger
69%
82EvertonBrazilRicharlison
68%
83ChelseaSpainCesar Azpilicueta
66%
83WolvesMexicoRaul Jimenez
66%
82LiverpoolPortugalDiogo Jota
65%
83Tottenham HotspurDenmarkPierre-Emile Hojbjerg
65%
82ArsenalNorwayMartin Odegaard
64%
82Crystal PalaceIvory CoastWilfried Zaha
63%
83EvertonEnglandJordan Pickford
60%
83Manchester CityBrazilFernandinho
59%
83Manchester UnitedEnglandAaron Wan-Bissaka
56%
83ArsenalGermanyBernd Leno
56%
84EvertonFranceLucas Digne
56%
82Leicester CityEnglandJames Maddison
55%
82Tottenham HotspurArgentinaCristian Romero
53%
82Leeds UnitedBrazilRaphinha
53%
81ChelseaEnglandReece James
53%
84Leicester CityPortugalRicardo Pereira
53%
82Aston VillaJamaicaLeon Bailey
52%
83BurnleyEnglandNick Pope
52%
82ChelseaEnglandBen Chilwell
50%
82WolvesPortugalRuben Neves
50%
82West Ham UnitedCzech RepublicTomas Soucek
50%
82LiverpoolEnglandJoe Gomez
49%
82West Ham UnitedEnglandDeclan Rice
48%
83EvertonBrazilAllan
45%
82ArsenalFranceAlexandre Lacazette
44%
81Manchester UnitedNetherlandsDonny Van De Beek
43%
82West Ham UnitedPolandLukasz Fabianski
41%
81Newcastle UnitedSlovakiaMartin Dubravka
40%
82Tottenham HotspurFranceTanguy Ndombele
40%
81Tottenham HotspurBrazilLucas Moura
39%
81SouthamptonEnglandJames Ward-Prowse
38%
82Manchester CitySpainFerran Torres
37%
81Aston VillaEnglandDanny Ings
36%
81Tottenham HotspurArgentinaGiovani Lo Celso
35%
82Manchester UnitedBrazilAlex Telles
33%
81Brighton & Hove AlbionSpainMarc Cucurella
31%
82West Ham UnitedFranceAlphonse Areola
30%
81Leicester CityEnglandHarvey Barnes
30%
81BurnleyEnglandJames Tarkowski
27%
82ChelseaSpainSaul Niguez
26%
82Tottenham HotspurItalyPierluigi Gollini
23%

Score Distribution

Percentile by Number Answered

Percent of People with Each Score

Your Score History

You have not taken this quiz